000 02514nam a2200373Ia 4500
001 ebr10071472
003 CaPaEBR
006 m u
007 cr cn|||||||||
008 050321s1995 dcuad sb 000 0 eng d
020 _z0309572975 (electronic bk.)
040 _aCaPaEBR
_cCaPaEBR
035 _a(OCoLC)58543444
050 1 4 _aQA273.6
_b.P7 1995eb
082 0 4 _a519.2/4
_222
245 0 0 _aProbabilistic methods in geotechnical engineering
_h[electronic resource] /
_cCommittee on Reliability Methods for Risk Mitigation in Geotechnical Engineering, Geotechnical Board, Board on Energy and Environmental Systems, Commission on Engineering and Technical Systems, National Research Council.
260 _aWashington, D.C. :
_bNational Research Council,
_c1995.
300 _axii, 84 p. :
_bill., charts.
500 _aCommittee chair: Wilson H. Tang.
500 _aThis project was sponsored by the following agencies: Department of the Army (Army Corps of Engineers-DACW39-92-M-7433), Department of Transportation (Federal Highway Administration), National Science Foundation-MSS-9203139, Department of Energy (Yucca Mountain Project Office).
500 _aSupport was also provided by: Defense Nuclear Agency, Department of the Air Force (Air Force Office of Scientific Research), Department of the Interior (Bureau of Mines and Bureau of Reclamation), Department of Transportation (Federal Transit Administration), Department of Energy (Office of Superconducting Super Collider), Department of the Army (Defense Nuclear Agency), and Nuclear Regulatory Commission.
504 _aIncludes bibliographical references.
533 _aElectronic reproduction.
_bPalo Alto, Calif. :
_cebrary,
_d2009.
_nAvailable via World Wide Web.
_nAccess may be limited to ebrary affiliated libraries.
650 0 _aEngineering mathematics.
650 0 _aProbability measures.
655 7 _aElectronic books.
_2local
700 1 _aTang, Wilson H.
710 2 _aNational Research Council (U.S.).
_bCommittee on Reliability Methods for Risk Mitigation in Geotechnical Engineering.
710 2 _aNational Research Council (U.S.).
_bGeotechnical Board.
710 2 _aNational Research Council (U.S.).
_bBoard on Energy and Environmental Systems.
710 2 _aNational Research Council (U.S.).
_bCommission on Engineering and Technical Systems.
710 2 _aebrary, Inc.
856 4 0 _uhttp://site.ebrary.com/lib/rucke/Doc?id=10071472
_zAn electronic book accessible through the World Wide Web; click to view
999 _c32260
_d32260